| 000 | 00566nam a2200253Ia 4500 | ||
|---|---|---|---|
| 008 | 190123s9999 xx 000 0 und d | ||
| 020 | _a0590035851 | ||
| 050 | _bC117 1997 | ||
| 100 | _aCabrera, Jane | ||
| 245 | 0 | _aCat's colors / | |
| 245 | 0 | _cby jane Cabrera. | |
| 260 | _aNew York, New York : | ||
| 260 | _bScholastic, | ||
| 260 | _c1997 | ||
| 300 | _aunpaged : | ||
| 300 | _bcolored illustrations ; | ||
| 300 | _c27cm. | ||
| 500 | _a80L | ||
| 650 | _aAnimals. | ||
| 650 | _aCats. | ||
| 650 | _aColor. | ||
| 650 | _aPlay. | ||
| 700 | _aTitle. | ||
| 999 |
_c361072 _d361072 |
||